ARRUPE JESUIT UNIVERSITY

CORONAVIRUS -STOP THE SPREAD - CLEAN,DISINFECT,COVER

Rethinking objectivity / (Record no. 123210)

MARC details
000 -LEADER
fixed length control field 01115cam a2200289 a 4500
001 - CONTROL NUMBER
control field 4416904
003 - CONTROL NUMBER IDENTIFIER
control field ARRUPE
005 - DATE AND TIME OF LATEST TRANSACTION
control field 20150828123356.0
008 - FIXED-LENGTH DATA ELEMENTS--GENERAL INFORMATION
fixed length control field 931116s1994 ncu b 001 0 eng
010 ## - LIBRARY OF CONGRESS CONTROL NUMBER
LC control number 93043023
020 ## - INTERNATIONAL STANDARD BOOK NUMBER
International Standard Book Number 0822314797 (acidfree paper)
020 ## - INTERNATIONAL STANDARD BOOK NUMBER
International Standard Book Number 0822314940 (pbk. : acidfree paper)
040 ## - CATALOGING SOURCE
Original cataloging agency DLC
Transcribing agency DLC
Modifying agency DLC
050 00 - LIBRARY OF CONGRESS CALL NUMBER
Classification number BD220
Item number .R48 1994
082 00 - DEWEY DECIMAL CLASSIFICATION NUMBER
Classification number 121/.4
Edition number 20
300 ## - PHYSICAL DESCRIPTION
Dimensions 23 cm.
245 00 - TITLE STATEMENT
Title Rethinking objectivity /
Statement of responsibility, etc edited by Allan Megill.
260 ## - PUBLICATION, DISTRIBUTION, ETC. (IMPRINT)
Place of publication, distribution, etc Durham :
Name of publisher, distributor, etc Duke University Press,
Date of publication, distribution, etc 1994.
300 ## - PHYSICAL DESCRIPTION
Extent ix, 342 p. ;
440 #0 - SERIES STATEMENT/ADDED ENTRY--TITLE
Title Post-contemporary interventions
9 (RLIN) 19235
500 ## - GENERAL NOTE
General note "The essays in this book originally appeared in volume 8, number 3/4 (1991) and volume 9, number 1/2 (1992) of Annals of scholarship"--T.p. verso.
504 ## - BIBLIOGRAPHY, ETC. NOTE
Bibliography, etc Includes bibliographical references and index.
650 #0 - SUBJECT ADDED ENTRY--TOPICAL TERM
Topical term or geographic name as entry element Objectivity.
9 (RLIN) 19236
700 1# - ADDED ENTRY--PERSONAL NAME
Personal name Megill, Allan.
9 (RLIN) 19237
906 ## - LOCAL DATA ELEMENT F, LDF (RLIN)
a 7
b cbc
c orignew
d 1
e ocip
f 19
g y-gencatlg
942 ## - ADDED ENTRY ELEMENTS (KOHA)
Source of classification or shelving scheme Library of Congress Classification
Koha item type Monograph ( Printed materials)
Holdings
Withdrawn status Lost status Source of classification or shelving scheme Damaged status Not for loan Collection code Home library Current library Shelving location Date acquired Total Checkouts Full call number Barcode Date last seen Date checked out Price effective from Koha item type
    Library of Congress Classification     Main Collection ARRUPE LIBRARY ARRUPE LIBRARY Main Collection 28/08/2015 3 BD220 .R48 1994 46500004035 12/02/2018 06/02/2018 28/08/2015 Monograph ( Printed materials)

 

Arrupe Library. PO Box MP320 Mt Pleasant, Harare, Zimbabwe
263 242 745411|librarian@aju.ac.zw